Football Player by Picture (Bundesliga) - Statistics

General Stats
  • This quiz has been taken 29 times
  • The average score is 19 of 30
Answer Stats
Picture Answer % Correct
Lukas Podolski
93%
Andre Schürrle
89%
Christopher Nkunku
85%
Manuel Akanji
85%
Marcus Thuram
81%
Roberto Firmino
81%
Shinji Kagawa
81%
Jerome Boateng
78%
Matthias Ginter
78%
Karim Bellarabi
74%
René Adler
70%
Robin Gosens
70%
Arturo Vidal
67%
Peter Gulacsi
67%
Paul Wanner
63%
Said El Mala
63%
Benedikt Höwedes
59%
Ömer Toprak
59%
Hans-Jörg Butt
56%
Can Uzun
52%
Grafite
52%
Keven Schlotterbeck
52%
Max Meyer
48%
Patrick Herrmann
48%
Martin Harnik
44%
Paul Nebel
44%
Lucas Tousart
41%
Mehmet Scholl
41%
Franco Di Santo
33%
Christian Norgaard
15%
No matching quizzes found
Score Distribution
Percent of People with Each Score
Percentile by Number Answered
Your Score History
You have not taken this quiz